000 01079nam a22002417a 4500
999 _c17703
_d17703
003 AR-CdUCM
008 190509b ||||| |||| 00| 0 spa d
040 _aMUNICIPALIDAD PROVINCIAL DEL CUSCO
_cBIBLIOTECA MUNICIPAL DEL CUSCO
082 _a985.0096 /
_bC97
100 _aCusi Yupanqui, Tito
_937845
245 _aRelación de la conquista del Perú :
_bTitu Cusi Yupanqui /
260 _aLima :
_bHorizonte,
_c1973.
300 _a134 páginas ;
_c18.5 cm
440 _aColección Clásicos Peruanos.
_931063
505 _aContenido: Introducción del Inga Don Diego de Castro Titu Cusi Yupangui para el muy ille -- Relación de cómo los españoles entraron en el Pirú -- Alcance de Mango Inga y el capitán Antonio de Soto contra Quisquis -- Cómo los españoles prendieron a Mango Inga ...
650 _aPerú
_935
650 _aDescubrimiento y Conquista
_92362
650 _aHistoria
_9136
700 _aMilla Batres, Carlos (editor)
_925995
710 _aEdiciones de la Biblioteca Universitaria - Perú.
_937846
942 _2ddc
_cLIBROS
945 _aachl
_d2019-05-09